To kill a mockingbird / (Record no. 632)
[ view plain ]
| 000 -LEADER | |
|---|---|
| fixed length control field | 00670nam a2200181 4500 |
| 001 - CONTROL NUMBER | |
| control field | 886 |
| 008 - FIXED-LENGTH DATA ELEMENTS--GENERAL INFORMATION | |
| fixed length control field | eng |
| 020 ## - INTERNATIONAL STANDARD BOOK NUMBER | |
| International Standard Book Number | 070993005993 |
| 100 10 - MAIN ENTRY--PERSONAL NAME | |
| Personal name | Lee, Harper. |
| 245 10 - TITLE STATEMENT | |
| Title | To kill a mockingbird / |
| Statement of responsibility, etc. | by Harper Lee |
| 260 ## - PUBLICATION, DISTRIBUTION, ETC. | |
| Place of publication, distribution, etc. | London : |
| Name of publisher, distributor, etc. | Arrow Books, |
| Date of publication, distribution, etc. | 2010. |
| 300 ## - PHYSICAL DESCRIPTION | |
| Extent | 309 p. ; |
| Dimensions | 18 cm. |
| 520 ## - SUMMARY, ETC. | |
| Summary, etc. | A young girl growing up in an Alabama town in the 1930s learns of injustice and violence when her father, a widowed lawyer, defends a black man falsely accused of rape. |
| 650 #0 - SUBJECT ADDED ENTRY--TOPICAL TERM | |
| Topical term or geographic name entry element | Fathers and daughters |
| Geographic subdivision | Southern States |
| Form subdivision | Fiction |
| Topical term or geographic name entry element | Prejudices |
| Form subdivision | Fiction |
| Topical term or geographic name entry element | Race relations |
| Form subdivision | Fiction |
| 651 #0 - SUBJECT ADDED ENTRY--GEOGRAPHIC NAME | |
| Geographic name | Alabama |
| Form subdivision | Fiction |
| Withdrawn status | Lost status | Source of classification or shelving scheme | Damaged status | Not for loan | Home library | Current library | Date acquired | Serial Enumeration / chronology | Inventory number | Total Checkouts | Total Renewals | Full call number | Barcode | Date last seen | Date last checked out | Copy number | Price effective from | Koha item type | Public note | Collection code | Shelving location |
|---|---|---|---|---|---|---|---|---|---|---|---|---|---|---|---|---|---|---|---|---|---|
| Dewey Decimal Classification | RTC Library | RTC Library | 27/11/2018 | 5181 | 15 | 6 | FIC 813.54 LEE | 30000910 | 01/03/2023 | 02/02/2023 | 1 | 27/11/2018 | Main | Replacement copy for #4145. | |||||||
| Dewey Decimal Classification | RTC Library | RTC Library | 27/11/2018 | 8861 | 26 | 8 | FIC 813.54 LEE | 30009112 | 10/10/2025 | 02/09/2025 | 2 | 27/11/2018 | Fiction | Fiction | Fiction |